الفراشات و ابو دقيق / (Record no. 91887)

MARC details
000 -LEADER
fixed length control field 00564nam a22001937a 4500
005 - DATE AND TIME OF LATEST TRANSACTION
control field 20251108172924.0
008 - FIXED-LENGTH DATA ELEMENTS--GENERAL INFORMATION
fixed length control field 250721s1992 xx 000 0 ara d
082 14 - DEWEY DECIMAL CLASSIFICATION NUMBER
Classification number ط/559/لمن
100 1# - MAIN ENTRY--PERSONAL NAME
Personal name لمن، روبرت
Relator term مؤلف
245 10 - TITLE STATEMENT
Title الفراشات و ابو دقيق /
264 1# - PRODUCTION, PUBLICATION, DISTRIBUTION, MANUFACTURE, AND COPYRIGHT NOTICE
Place of production, publication, distribution, manufacture القاهرة :
Name of producer, publisher, distributor, manufacturer دار المعارف،
Date of production, publication, distribution, manufacture, or copyright notice 1992.
300 ## - PHYSICAL DESCRIPTION
Extent 113ص.
490 0# - SERIES STATEMENT
Series statement كل شىء عن
Volume/sequential designation 18
650 17 - SUBJECT ADDED ENTRY--TOPICAL TERM
Topical term or geographic name as entry element اللافقاريات
650 17 - SUBJECT ADDED ENTRY--TOPICAL TERM
Topical term or geographic name as entry element الحشرات
653 ## - INDEX TERM--UNCONTROLLED
Uncontrolled term ناشئون صغار (10-14) سنة
942 ## - ADDED ENTRY ELEMENTS (KOHA)
Source of classification or shelving scheme Dewey Decimal Classification
Koha item type Books
Holdings
حالة السحب حالة الفقدان مصدر التصنيف حالة التلف غير قابل للإعارة المكتبة الرئيسية المكتبة الحالية موقع الرف تاريخ التزويد الرقم المتسلسل Total Checkouts رقم الإستدعاء الباركود تاريخ آخر ظهور تاريخ الفاتورة نوع المادة (كوها)
    Dewey Decimal Classification     مكتبة الأميرة ايمان العامة مكتبة الأميرة ايمان العامة الأطفال 21/12/2013 1097.   ط/559/لمن PLD00290914 28/07/2025 21/12/2013 Books
    Dewey Decimal Classification     مكتبة الجويدة مكتبة الجويدة الأطفال 04/02/2018 1676208   ط/559/لمن PLD00417118 28/07/2025 04/02/2018 Books
Implemented & Customized by: BBB with SCIT (Smart Chains for Information Technology)

Powered by Koha